ABC of jobs people do / (Record no. 2034)

MARC details
000 -LEADER
fixed length control field 01100cam a2200337 a 4500
001 - CONTROL NUMBER
control field 2034
003 - CONTROL NUMBER IDENTIFIER
control field FISKH
005 - DATE AND TIME OF LATEST TRANSACTION
control field 20250828104447.0
008 - FIXED-LENGTH DATA ELEMENTS--GENERAL INFORMATION
fixed length control field 040414s2003 nyua 000 0 eng d
010 ## - LIBRARY OF CONGRESS CONTROL NUMBER
LC control number 2004298760
020 ## - INTERNATIONAL STANDARD BOOK NUMBER
International Standard Book Number 0312491778 (hardcover)
020 ## - INTERNATIONAL STANDARD BOOK NUMBER
International Standard Book Number 9780439846318
035 ## - SYSTEM CONTROL NUMBER
System control number (OCoLC)ocm54089662
040 ## - CATALOGING SOURCE
Original cataloging agency EHI
Transcribing agency EHI
Modifying agency DLC
Language of cataloging eng
042 ## - AUTHENTICATION CODE
Authentication code lccopycat
050 00 - LIBRARY OF CONGRESS CALL NUMBER
Classification number HF5381.2
Item number .P75 2003
082 04 - DEWEY DECIMAL CLASSIFICATION NUMBER
Classification number 331.702
Edition number 21
100 1# - MAIN ENTRY--PERSONAL NAME
Personal name Priddy, Roger.
245 10 - TITLE STATEMENT
Title ABC of jobs people do /
Statement of responsibility, etc. Roger Priddy ; with photography by Richard Brown.
260 ## - PUBLICATION, DISTRIBUTION, ETC.
Place of publication, distribution, etc. New York :
Name of publisher, distributor, etc. Scholastic,
Date of publication, distribution, etc. 2003.
300 ## - PHYSICAL DESCRIPTION
Extent 32 unnumbered pages :
Other physical details color illustrations ;
Dimensions 28 cm
505 ## - FORMATTED CONTENTS NOTE
Formatted contents note P<br/>
520 ## - SUMMARY, ETC.
Summary, etc. Describes occupations beginning with each letter of the alphabet from airline pilot to zoo keeper.
521 8# - TARGET AUDIENCE NOTE
Target audience note 650<br/><br/>
Source Lexile IG<br/>
521 8# - TARGET AUDIENCE NOTE
Target audience note P<br/>
Source Raz-Plus<br/>
650 #0 - SUBJECT ADDED ENTRY--TOPICAL TERM
Topical term or geographic name entry element Occupations
General subdivision Juvenile literature.
650 #0 - SUBJECT ADDED ENTRY--TOPICAL TERM
Topical term or geographic name entry element Professions
General subdivision Juvenile literature.
700 1# - ADDED ENTRY--PERSONAL NAME
Personal name Brown, Richard.
Relator term Photographer
906 ## - LOCAL DATA ELEMENT F, LDF (RLIN)
a 7
b cbc
c copycat
d 2
e ncip
f 20
g y-gencatlg
942 ## - ADDED ENTRY ELEMENTS (KOHA)
Source of classification or shelving scheme Dewey Decimal Classification
Koha item type Books
Suppress in OPAC No
Holdings
Withdrawn status Lost status Source of classification or shelving scheme Damaged status Not for loan Collection Home library Current library Shelving location Date acquired Total Checkouts Full call number Barcode Date last seen Copy number Price effective from Koha item type
    Dewey Decimal Classification     Non-Fiction Footprints International School Library Network Toul Kork Campus Footprints International School Library Network Toul Kork Campus TK Primary Library Room(4th Floor), Bookcase 5&6, Shelves 33-56, Orange Books 11/01/2023   PRI 331.702 HF5381.2 FISBK06046 11/01/2023 1 11/01/2023 Books
    Dewey Decimal Classification     Non-Fiction Footprints International School Library Network Toul Kork Campus Footprints International School Library Network Toul Kork Campus TK Primary Library Room(4th Floor), Bookcase 5&6, Shelves 33-56, Orange Books 11/01/2023   PRI 331.702 HF5381.2 FISBK06028 11/01/2023 2 11/01/2023 Books
    Dewey Decimal Classification     Non-Fiction Footprints International School Library Network Toul Tom Poung Campus Footprints International School Library Network Toul Tom Poung Campus TTP Primary Orange Bookshelves 08/28/2025   PRI 331.702 HF5381.2 FISTK00136 08/28/2025 3 08/28/2025 Books
    Dewey Decimal Classification     Non-Fiction Footprints International School Library Network Toul Tom Poung Campus Footprints International School Library Network Toul Tom Poung Campus TTP Primary Orange Bookshelves 09/11/2025   PRI 331.702 HF5381.2 FISO5296 09/11/2025 4 09/11/2025 Books